000 00683nam a2200241 a 4500
999 _c481
_d481
008 190823r20082009ii a|||gd|||| 001 0 eng d
020 _a9788120334526
_cRs. 225.00
040 _aKO
_beng
041 0 _aeng
044 _aii
082 0 4 _223
_a004.6
_bK9622
100 1 _aKundu, Sudakshina
245 1 0 _aFundamentals of Computer Networks /
250 _a2nd ed.
260 _aNew Delhi :
_bPHI Learning Private Limited,
_c2008, reprinted 2009
300 _axi, 287 p. :
_bill. ;
_c24 cm.
504 _aIncludes index.
650 0 _aComputer networks
_vTextbooks
650 0 _aData transmission systems
_vTextbooks
650 0 _aComputers
_vTextbooks
942 _cBK